<?xml version="1.0" encoding="UTF-8"?>
<record
    xmlns:xsi="http://www.w3.org/2001/XMLSchema-instance"
    xsi:schemaLocation="http://www.loc.gov/MARC21/slim http://www.loc.gov/standards/marcxml/schema/MARC21slim.xsd"
    xmlns="http://www.loc.gov/MARC21/slim">

  <leader>00789nam a2200253 a 4500</leader>
  <controlfield tag="001">BRCA_7613</controlfield>
  <controlfield tag="005">20190320205918.0</controlfield>
  <controlfield tag="008">060713s1930----sz-a######---#000-0#ger-#</controlfield>
  <datafield tag="041" ind1=" " ind2=" ">
    <subfield code="a">ger</subfield>
  </datafield>
  <datafield tag="044" ind1=" " ind2=" ">
    <subfield code="a">sz</subfield>
  </datafield>
  <datafield tag="050" ind1=" " ind2="4">
    <subfield code="a">NK7164</subfield>
    <subfield code="b">.M35 1930</subfield>
  </datafield>
  <datafield tag="100" ind1="1" ind2=" ">
    <subfield code="a">Major, E.</subfield>
    <subfield code="9">18769</subfield>
  </datafield>
  <datafield tag="245" ind1="1" ind2="0">
    <subfield code="a">Historisches Museum Basel</subfield>
    <subfield code="b">profane goldschmiedearbeiten funfundzwanzig abbildungen Ausgewahlt und Eingeleitet</subfield>
    <subfield code="c">von E. Major.</subfield>
  </datafield>
  <datafield tag="260" ind1=" " ind2=" ">
    <subfield code="a">Basel</subfield>
    <subfield code="b">E. Birkhauser</subfield>
    <subfield code="c">c1930</subfield>
  </datafield>
  <datafield tag="300" ind1=" " ind2=" ">
    <subfield code="a">3 p.</subfield>
    <subfield code="b">il., 25 l&#xE1;minas</subfield>
    <subfield code="c">18 cm.</subfield>
  </datafield>
  <datafield tag="440" ind1=" " ind2="0">
    <subfield code="a">Die historisches museum der Schweiz</subfield>
    <subfield code="v">heft 3</subfield>
    <subfield code="9">18770</subfield>
  </datafield>
  <datafield tag="500" ind1=" " ind2=" ">
    <subfield code="a">T17</subfield>
  </datafield>
  <datafield tag="650" ind1="1" ind2="4">
    <subfield code="a">Plater&#xED;a alemana</subfield>
    <subfield code="9">18771</subfield>
  </datafield>
  <datafield tag="650" ind1="1" ind2="4">
    <subfield code="a">Orfebrer&#xED;a alemana</subfield>
    <subfield code="9">18772</subfield>
  </datafield>
  <datafield tag="650" ind1="1" ind2="4">
    <subfield code="a">Plater&#xED;a suiza</subfield>
    <subfield code="9">18773</subfield>
  </datafield>
  <datafield tag="650" ind1="1" ind2="4">
    <subfield code="a">Orfebrer&#xED;a suiza</subfield>
    <subfield code="9">18774</subfield>
  </datafield>
  <datafield tag="902" ind1=" " ind2=" ">
    <subfield code="a">GFM</subfield>
  </datafield>
  <datafield tag="942" ind1=" " ind2=" ">
    <subfield code="2">lcc</subfield>
    <subfield code="c">B</subfield>
  </datafield>
  <datafield tag="999" ind1=" " ind2=" ">
    <subfield code="c">7287</subfield>
    <subfield code="d">7287</subfield>
  </datafield>
  <datafield tag="952" ind1=" " ind2=" ">
    <subfield code="0">0</subfield>
    <subfield code="1">0</subfield>
    <subfield code="4">0</subfield>
    <subfield code="7">0</subfield>
    <subfield code="a">BRCA</subfield>
    <subfield code="b">BRCA</subfield>
    <subfield code="d">2013-07-04</subfield>
    <subfield code="i">T17</subfield>
    <subfield code="l">0</subfield>
    <subfield code="o">NK7164 .M35 1930 (T17)</subfield>
    <subfield code="p">8221</subfield>
    <subfield code="r">2019-03-22 00:00:00</subfield>
    <subfield code="w">2019-03-22</subfield>
    <subfield code="y">B</subfield>
  </datafield>
</record>
